[Event "HEM"]
[Site "?"]
[Date "1995.??.??"]
[Round "?.7"]
[White "Menk, R."]
[Black "Rostalski, W."]
[Result "0-1"]
[WhiteElo "2305"]
[BlackElo "2275"]
[PlyCount "97"]
[EventDate "1995.??.??"]

1. Nf3 Nf6 2. g3 g6 3. Bg2 Bg7 4. O-O O-O 5. d3 d6 6. e4 e5 7. c3 Nc6 8. Nbd2
h6 9. d4 Qe7 10. Re1 Nh7 11. dxe5 dxe5 12. Nc4 Be6 13. Qe2 Rad8 14. a4 a5 15.
b3 Qd7 16. Ba3 Rfe8 17. Bf1 Ng5 18. Nxg5 hxg5 19. Rad1 Qc8 20. Bc1 f6 21. Qc2
Rxd1 22. Rxd1 Rd8 23. Ne3 Ne7 24. Ba3 Bf8 25. Nd5 Bxd5 26. exd5 Kg7 27. c4 b6
28. Qe4 Nf5 29. Bxf8+ Rxf8 30. Bd3 Qe8 31. Re1 Qe7 32. f4 Qc5+ 33. Kh1 Qf2 34.
Rg1 exf4 35. gxf4 Rh8 36. Qg2 Qxf4 37. Bxf5 gxf5 38. Re1 Kg6 39. Re7 Rh4 40.
Qe2 Qc1+ 41. Kg2 Rg4+ 42. Kh3 Qc3+ 43. Re3 Qd4 44. Rd3 Re4 45. Rxd4 Rxe2 46. c5
bxc5 47. Rc4 f4 48. Rxc5 f5 49. Rc6+ 0-1

[Event "HEM"]
[Site "?"]
[Date "1995.??.??"]
[Round "?.8"]
[White "Kunsztowicz, U."]
[Black "Voigt, M."]
[Result "1-0"]
[WhiteElo "2315"]
[BlackElo "2260"]
[PlyCount "73"]
[EventDate "1995.??.??"]

1. c4 e6 2. g3 Nf6 3. Bg2 d5 4. Nf3 Be7 5. O-O Nbd7 6. b3 O-O 7. d4 c6 8. Bb2
b6 9. Nbd2 Ba6 10. Re1 Rc8 11. e4 c5 12. e5 Ne8 13. cxd5 exd5 14. Nf1 c4 15.
bxc4 Bxc4 16. a4 a6 17. Ne3 b5 18. axb5 axb5 19. Bh3 Nc7 20. Nd2 Rb8 21. Ndxc4
bxc4 22. Bc3 Rb3 23. Ba5 Nb6 24. Rb1 Rd3 25. Qg4 Nba8 26. Nf5 g6 27. Nxe7+ Qxe7
28. Bb4 Qd8 29. Bxf8 Qxf8 30. Red1 Rb3 31. Qd7 Qb4 32. Ra1 c3 33. e6 c2 34.
Qxf7+ Kh8 35. Qf6+ Kg8 36. Rdc1 Rb1 37. e7 1-0

[Event "HEM"]
[Site "?"]
[Date "1995.??.??"]
[Round "?.8"]
[White "Michna, C."]
[Black "Reddmann, H."]
[Result "0-1"]
[WhiteElo "2255"]
[BlackElo "2285"]
[PlyCount "80"]
[EventDate "1995.??.??"]

1. e4 c5 2. c3 Nf6 3. e5 Nd5 4. Nf3 Nb6 5. Be2 Nc6 6. O-O d5 7. exd6 Qxd6 8.
Na3 a6 9. Nc2 Bf5 10. d4 Bxc2 11. Qxc2 cxd4 12. Nxd4 Nxd4 13. cxd4 e6 14. Bf3
Rc8 15. Qb3 Rc7 16. a3 Be7 17. Bd2 Nd5 18. Bxd5 Qxd5 19. Qxd5 exd5 20. Bf4 Rc4
21. Rac1 Kd7 22. b3 Rcc8 23. b4 Rc4 24. Rxc4 dxc4 25. Rc1 b5 26. Bd2 Bf6 27.
Bc3 Re8 28. Kf1 Kd6 29. Rd1 Kd5 30. g3 g5 31. h3 h5 32. Kg2 Re2 33. Bd2 g4 34.
hxg4 hxg4 35. Bc1 Re4 36. Bb2 Bxd4 37. Rd2 Ke5 38. Bc1 Re1 39. Rc2 Ke4 40. a4
Kd3 0-1

[Event "HEM"]
[Site "?"]
[Date "1995.??.??"]
[Round "?.8"]
[White "Maahs, E."]
[Black "Joecks, C."]
[Result "0-1"]
[WhiteElo "2235"]
[BlackElo "2370"]
[PlyCount "66"]
[EventDate "1995.??.??"]

1. e4 Nf6 2. e5 Nd5 3. d4 d6 4. f4 g6 5. Nf3 Bg7 6. Bc4 Nb6 7. Bb3 dxe5 8. fxe5
c5 9. c3 O-O 10. O-O c4 11. Bc2 Nc6 12. Nbd2 f6 13. exf6 exf6 14. Ne4 Qd5 15.
Nc5 Nd7 16. Be4 Qd6 17. b4 f5 18. Bc2 Nf6 19. Qe2 Qd5 20. Nd2 b6 21. Na4 b5 22.
Nb2 Bb7 23. Nf3 Rae8 24. Qd1 Ne4 25. Bxe4 fxe4 26. Ne1 Rxf1+ 27. Kxf1 Rf8+ 28.
Kg1 Qf5 29. h3 Qf2+ 30. Kh1 e3 31. a4 e2 32. Qd2 Qxe1+ 33. Kh2 Qf2 0-1

[Event "HEM"]
[Site "?"]
[Date "1995.??.??"]
[Round "?.8"]
[White "Ritscher, J.P."]
[Black "Hegeler, F."]
[Result "0-1"]
[WhiteElo "2300"]
[BlackElo "2225"]
[PlyCount "104"]
[EventDate "1995.??.??"]

1. e4 c5 2. Nf3 Nc6 3. d4 cxd4 4. Nxd4 Qc7 5. Nc3 e6 6. Be2 a6 7. O-O Nf6 8.
Be3 Bb4 9. Bd3 Ne5 10. Bf4 d6 11. Bxe5 dxe5 12. Nde2 O-O 13. a3 Bc5 14. Na4 Ba7
15. c4 Rd8 16. Qc2 b5 17. cxb5 Qxc2 18. Bxc2 axb5 19. Nac3 Ba6 20. b4 Rd2 21.
Rac1 Ng4 22. h3 Nxf2 23. Rxf2 Rc8 24. Bb3 Rxc3 25. Nxc3 Rxf2 26. Kh1 Be3 27.
Rc2 Rxc2 28. Bxc2 Bd4 29. Nd1 Bb7 30. Kh2 h5 31. Kg3 g6 32. Nf2 Bb2 33. a4 bxa4
34. Bxa4 Bd4 35. Bc2 f5 36. Kf3 Kg7 37. b5 g5 38. Ke2 Kf6 39. g4 fxg4 40. hxg4
Bxf2 41. Kxf2 h4 42. Kf3 Ke7 43. Bd3 Kd6 44. Bf1 Kc5 45. Ke3 Bc8 46. Bg2 Bd7
47. Kd3 Bxb5+ 48. Ke3 Kb4 49. Kd2 Kc4 50. Ke3 Kc3 51. Bh1 Kc2 52. Bf3 Kc1 0-1

[Event "HEM"]
[Site "?"]
[Date "1995.??.??"]
[Round "?.8"]
[White "Sack, B.W."]
[Black "Nogly, C."]
[Result "0-1"]
[WhiteElo "2185"]
[BlackElo "2230"]
[PlyCount "64"]
[EventDate "1995.??.??"]

1. Nf3 d5 2. d4 c6 3. g3 Bg4 4. Bg2 Nd7 5. O-O e6 6. c4 Bd6 7. Nbd2 f5 8. e3 g5
9. b4 h5 10. Qb3 h4 11. b5 Bxf3 12. Nxf3 hxg3 13. fxg3 g4 14. Nh4 Rxh4 15. gxh4
Qxh4 16. Rf4 Bxf4 17. exf4 Qe1+ 18. Bf1 dxc4 19. Qxc4 cxb5 20. Qb3 Kf7 21. Bb2
Qd2 22. Bg2 Ngf6 23. Rf1 Nb6 24. Rf2 Qe1+ 25. Bf1 g3 26. hxg3 Ne4 27. Rg2 Rg8
28. Qxb5 Rxg3 29. Qe2 Rxg2+ 30. Qxg2 Nd5 31. Qh2 Qe3+ 32. Kh1 Ng3+ 0-1

[Event "HEM"]
[Site "?"]
[Date "1995.??.??"]
[Round "?.8"]
[White "Mach, H."]
[Black "Guzman, E."]
[Result "1-0"]
[WhiteElo "2290"]
[BlackElo "2280"]
[PlyCount "73"]
[EventDate "1995.??.??"]

1. e4 e5 2. Nf3 Nc6 3. Bb5 a6 4. Ba4 Nf6 5. O-O Be7 6. Re1 b5 7. Bb3 O-O 8. Nc3
d6 9. a4 Bg4 10. axb5 Nd4 11. Rxa6 Qd7 12. Bc4 Bxf3 13. gxf3 Qh3 14. Re3 Nh5
15. Nd5 Bh4 16. Bf1 Bxf2+ 17. Kxf2 Qxh2+ 18. Bg2 Rae8 19. Qh1 Qg3+ 20. Kf1 Qg5
21. Qh3 f5 22. Kf2 Nf4 23. Nxf4 exf4 24. Rea3 fxe4 25. fxe4 f3 26. Bf1 Ne2 27.
Rxf3 Nxc1 28. Ke1 Qg1 29. Ra4 Rxf3 30. Qxf3 Rf8 31. Qg2 Qc5 32. Rc4 Qb6 33. Rc6
Qa5 34. Bc4+ Kh8 35. b6 cxb6 36. Rc7 Qa1 37. Qxg7# 1-0

[Event "HEM"]
[Site "?"]
[Date "1995.??.??"]
[Round "?.8"]
[White "Schulze, S."]
[Black "von Buelow, G."]
[Result "0-1"]
[WhiteElo "2165"]
[BlackElo "2285"]
[PlyCount "106"]
[EventDate "1995.??.??"]

1. c4 g6 2. Nc3 Bg7 3. g3 d6 4. Bg2 Nf6 5. Nf3 O-O 6. O-O e5 7. d3 Nc6 8. Rb1
a5 9. a3 Nd4 10. Ne1 c6 11. e3 Nf5 12. Nc2 d5 13. cxd5 cxd5 14. Ne2 b5 15. b4
a4 16. Bb2 Re8 17. Nc3 Rb8 18. e4 Ne7 19. d4 Nxe4 20. dxe5 Nxc3 21. Bxc3 Qc7
22. Qd2 Bf5 23. Rbc1 Bxc2 24. Rxc2 Bxe5 25. Bxe5 Qxe5 26. Qd3 Red8 27. Rc5 Qb2
28. Re1 Rd7 29. Rxb5 Rbd8 30. Rc5 d4 31. Bh3 f5 32. Bg2 Qb3 33. Rd1 Kg7 34. Rc4
g5 35. Bf1 Qxd3 36. Rxd3 Ng6 37. Rc5 Kf6 38. Rf3 Ne5 39. Rd3 Nxd3 40. Bxd3 Rd5
41. Rc7 Re5 42. Kf1 Rde8 43. Rc1 Ke7 44. Rc4 Rd8 45. Rc6 Rd6 46. Rc8 Kd7 47.
Rb8 Kc7 48. Rh8 Rc6 49. Rxh7+ Kd6 50. Rh8 Rc1+ 51. Kg2 Rd5 52. Ra8 Rc3 53. Bf1
d3 0-1

[Event "HEM"]
[Site "?"]
[Date "1995.??.??"]
[Round "?.8"]
[White "Hochgraefe, M."]
[Black "Dankert, P."]
[Result "1/2-1/2"]
[WhiteElo "2290"]
[BlackElo "2275"]
[PlyCount "20"]
[EventDate "1995.??.??"]

1. c4 Nf6 2. Nc3 e5 3. Nf3 Nc6 4. e3 Bb4 5. Nd5 Be7 6. d4 exd4 7. Nxd4 O-O 8.
Be2 Nxd5 9. cxd5 Nxd4 10. Qxd4 c5 1/2-1/2

[Event "HEM"]
[Site "?"]
[Date "1995.??.??"]
[Round "?.8"]
[White "Wendt, J."]
[Black "Putzbach, G."]
[Result "0-1"]
[WhiteElo "2230"]
[BlackElo "2260"]
[PlyCount "68"]
[EventDate "1995.??.??"]

1. d4 d5 2. c4 dxc4 3. e4 c5 4. d5 Nf6 5. Nc3 b5 6. Bf4 Qa5 7. Bd2 Nbd7 8. Nf3
Ng4 9. Ng5 Ndf6 10. h3 Ne5 11. f4 Nd3+ 12. Bxd3 cxd3 13. e5 b4 14. exf6 exf6
15. O-O fxg5 16. Re1+ Kd8 17. Ne4 c4 18. a3 Qxd5 19. axb4 Bb7 20. Kh1 gxf4 21.
Ra5 Qd7 22. Qh5 f6 23. Bc3 Be7 24. Qf7 f3 25. Qxg7 fxg2+ 26. Kxg2 Kc7 27. Qg3+
Bd6 28. Rc5+ Kb8 29. Qf3 Rg8+ 30. Kf2 Bg3+ 31. Ke3 d2 32. Rxc4 dxe1=Q+ 33. Bxe1
Be5 34. Nxf6 Qe6 0-1

[Event "HEM"]
[Site "?"]
[Date "1995.??.??"]
[Round "?.8"]
[White "Zieher, H."]
[Black "Groeppel, P."]
[Result "1-0"]
[WhiteElo "2230"]
[BlackElo "2115"]
[PlyCount "61"]
[EventDate "1995.??.??"]

1. e4 c5 2. Nf3 Nc6 3. d4 cxd4 4. Nxd4 e6 5. c4 Nf6 6. Nc3 Be7 7. Nc2 Qc7 8.
Be2 O-O 9. O-O a6 10. f4 Bc5+ 11. Kh1 d6 12. a3 Bd7 13. b4 Ba7 14. Bb2 Rac8 15.
Qd3 Rfd8 16. Rad1 Be8 17. Qg3 Qe7 18. e5 dxe5 19. fxe5 Rxd1 20. Rxd1 Nd7 21.
Ne4 Nf8 22. Nd6 Rd8 23. c5 Ng6 24. Ne3 Nb8 25. Nec4 Bc6 26. Rd4 Bd5 27. h4 Qf8
28. h5 Nh8 29. Ne3 Bc6 30. Ng4 g6 31. Nf6+ 1-0

[Event "HEM"]
[Site "?"]
[Date "1995.??.??"]
[Round "?.8"]
[White "Rostalski, W."]
[Black "Beyer, H.J."]
[Result "1-0"]
[WhiteElo "2275"]
[BlackElo "2185"]
[PlyCount "54"]
[EventDate "1995.??.??"]

1. e4 e5 2. Nf3 f5 3. d4 fxe4 4. Nxe5 Nf6 5. Be2 d6 6. Nc4 d5 7. Ne5 Bd6 8. O-O
O-O 9. c4 c6 10. Nc3 Nbd7 11. cxd5 cxd5 12. Bf4 Re8 13. Nf7 Kxf7 14. Bxd6 Nf8
15. Bg3 a6 16. f3 e3 17. Be5 Ng6 18. f4 Kg8 19. Qc1 Qb6 20. Na4 Qb4 21. b3 Bg4
22. Qd1 Qe7 23. Nc3 Rac8 24. Bxf6 Qxf6 25. Bxg4 e2 26. Nxe2 Rc7 27. Qd2 Rce7
1-0

[Event "HEM"]
[Site "?"]
[Date "1995.??.??"]
[Round "?.8"]
[White "Schulz, H.J."]
[Black "Menk, R."]
[Result "1-0"]
[WhiteElo "2245"]
[BlackElo "2305"]
[PlyCount "85"]
[EventDate "1995.??.??"]

1. e4 g6 2. d4 Bg7 3. Nc3 c6 4. Nf3 d5 5. Be2 Bg4 6. Be3 e6 7. O-O Nd7 8. h3
Bxf3 9. Bxf3 Ne7 10. Qd2 h6 11. Rfe1 a6 12. Bf4 Nf6 13. exd5 cxd5 14. Be5 O-O
15. Kh1 Nc6 16. Bf4 Kh7 17. Nd1 Ne4 18. Bxe4 dxe4 19. c3 g5 20. Bh2 f5 21. Ne3
Be5 22. Qc2 Bxh2 23. Kxh2 Rc8 24. Qb3 Qd6+ 25. Kg1 b5 26. Rad1 Na5 27. Qc2 Nc4
28. Nf1 b4 29. Qe2 bxc3 30. bxc3 Qa3 31. Rb1 Qxc3 32. Rb7+ Kg8 33. Qh5 Rf6 34.
Reb1 Qxd4 35. Rd1 Qc3 36. Rdd7 Ne5 37. Rg7+ Kh8 38. Rbe7 Qc6 39. Rh7+ Kg8 40.
Rxh6 Kf8 41. Rhh7 Rg6 42. Ra7 Rg8 43. Rhf7+ 1-0

[Event "HEM"]
[Site "?"]
[Date "1995.??.??"]
[Round "?.9"]
[White "Reddmann, H."]
[Black "Kunsztowicz, U."]
[Result "1-0"]
[WhiteElo "2285"]
[BlackElo "2315"]
[PlyCount "61"]
[EventDate "1995.??.??"]

1. d4 c5 2. dxc5 Na6 3. e4 Nxc5 4. Nc3 b6 5. Bc4 e6 6. Bf4 a6 7. a3 Bb7 8. f3
d6 9. Qd2 Qc7 10. Ba2 Be7 11. Rd1 O-O-O 12. Nge2 g5 13. Bxg5 Nf6 14. O-O d5 15.
Bxf6 dxe4 16. Bxh8 Rxd2 17. Rxd2 exf3 18. gxf3 Bg5 19. Rdd1 Be3+ 20. Kg2 Qe7
21. Bd4 Qg5+ 22. Ng3 Bf4 23. b4 h5 24. bxc5 bxc5 25. Bf2 Qg6 26. Rd3 h4 27. Re1
Bc6 28. Nce4 hxg3 29. hxg3 f5 30. Nxc5 Bxg3 31. Rxe6 1-0

[Event "HEM"]
[Site "?"]
[Date "1995.??.??"]
[Round "?.9"]
[White "Joecks, C."]
[Black "Nogly, C."]
[Result "1/2-1/2"]
[WhiteElo "2370"]
[BlackElo "2230"]
[PlyCount "39"]
[EventDate "1995.??.??"]

1. e4 e5 2. Nf3 Nc6 3. Bb5 Nf6 4. O-O Bc5 5. c3 O-O 6. d4 Bb6 7. Bg5 h6 8. Bh4
d6 9. Bxc6 bxc6 10. Nbd2 g5 11. Bg3 g4 12. dxe5 gxf3 13. exf6 fxg2 14. Kxg2
Qxf6 15. a4 a5 16. Qh5 Qg5 17. Qxg5+ hxg5 18. Rfe1 f6 19. Nf3 Rb8 20. Re2
1/2-1/2

[Event "HEM"]
[Site "?"]
[Date "1995.??.??"]
[Round "?.9"]
[White "Voigt, M."]
[Black "Michna, C."]
[Result "1-0"]
[WhiteElo "2260"]
[BlackElo "2255"]
[PlyCount "77"]
[EventDate "1995.??.??"]

1. e4 d5 2. exd5 Qxd5 3. Nc3 Qa5 4. d4 c6 5. Nf3 Nf6 6. Bd2 Bf5 7. Bc4 e6 8.
Qe2 Bb4 9. Ne5 Nbd7 10. Nxd7 Nxd7 11. a3 Bxc3 12. Bxc3 Qc7 13. d5 cxd5 14. Bxd5
O-O 15. Bf3 Rfd8 16. O-O h6 17. Rac1 Rac8 18. Rfe1 Nb6 19. Be5 Qe7 20. b3 Rd7
21. Bb2 Qg5 22. Red1 Rxd1+ 23. Qxd1 Rd8 24. Qe1 Qd2 25. Bc3 Qxe1+ 26. Bxe1 Nd5
27. c4 Nf4 28. Rd1 Rxd1 29. Bxd1 Bd3 30. g3 Ne2+ 31. Kg2 Nd4 32. Bc3 Be4+ 33.
f3 Bc2 34. Bxc2 Nxc2 35. Kf2 Nxa3 36. Ke2 b5 37. Kd3 bxc4+ 38. bxc4 f5 39. Bb2
1-0

[Event "HEM"]
[Site "?"]
[Date "1995.??.??"]
[Round "?.9"]
[White "Hegeler, F."]
[Black "Pajeken, W."]
[Result "1/2-1/2"]
[WhiteElo "2225"]
[BlackElo "2230"]
[PlyCount "35"]
[EventDate "1995.??.??"]

1. d4 Nf6 2. Nf3 e6 3. g3 b6 4. Bg2 Bb7 5. c4 Be7 6. O-O O-O 7. Bf4 d5 8. Ne5
Nbd7 9. Nc3 c5 10. cxd5 exd5 11. dxc5 Nxc5 12. Nb5 Nce4 13. Nd4 Bc5 14. Rc1 Re8
15. b4 Bd6 16. Ndc6 Bxc6 17. Nxc6 Qd7 18. Bxd6 1/2-1/2

[Event "HEM"]
[Site "?"]
[Date "1995.??.??"]
[Round "?.9"]
[White "Mach, H."]
[Black "Ritscher, J.P."]
[Result "1/2-1/2"]
[WhiteElo "2290"]
[BlackElo "2300"]
[PlyCount "64"]
[EventDate "1995.??.??"]

1. e4 Nf6 2. e5 Nd5 3. d4 d6 4. c4 Nb6 5. f4 dxe5 6. fxe5 c5 7. d5 e6 8. Nc3
exd5 9. cxd5 c4 10. Nf3 Bg4 11. Be2 Bc5 12. Bg5 Qc8 13. Qd2 O-O 14. O-O-O N8d7
15. Rhe1 Bb4 16. Qd4 Nc5 17. Be7 Re8 18. Bxc5 Bxc5 19. Qd2 Bb4 20. Qd4 Qf5 21.
h3 Bxf3 22. Bxf3 Nd7 23. e6 fxe6 24. dxe6 Qg5+ 25. Kb1 Bxc3 26. Qxc3 Nb6 27.
Bxb7 Rab8 28. Bc6 Qg6+ 29. Be4 Qh6 30. Qf3 c3 31. Bc2 Nc4 32. Qxc3 Nxb2 1/2-1/2

[Event "HEM"]
[Site "?"]
[Date "1995.??.??"]
[Round "?.9"]
[White "von Buelow, G."]
[Black "Sack, B.W."]
[Result "1/2-1/2"]
[WhiteElo "2285"]
[BlackElo "2185"]
[PlyCount "46"]
[EventDate "1995.??.??"]

1. e4 e6 2. d4 d5 3. Nc3 Nf6 4. e5 Nfd7 5. f4 c5 6. Nf3 Nc6 7. Be3 a6 8. Qd2 b5
9. h4 Bb7 10. h5 cxd4 11. Nxd4 Nc5 12. Bd3 b4 13. Nce2 Nxd4 14. Nxd4 Ne4 15.
Bxe4 dxe4 16. O-O-O Bc5 17. Nb3 Qxd2+ 18. Kxd2 Be7 19. Bd4 f5 20. exf6 gxf6 21.
Ke3 Rg8 22. Rhg1 f5 23. Bc5 Rg3+ 1/2-1/2

[Event "HEM"]
[Site "?"]
[Date "1995.??.??"]
[Round "?.9"]
[White "Meyer, F."]
[Black "Maahs, E."]
[Result "1-0"]
[WhiteElo "2295"]
[BlackElo "2235"]
[PlyCount "87"]
[EventDate "1995.??.??"]

1. e4 d5 2. exd5 Nf6 3. d4 Nxd5 4. Be2 Bf5 5. Nf3 e6 6. O-O Be7 7. a3 O-O 8. c4
Nf6 9. Nc3 c5 10. dxc5 Bxc5 11. b4 Be7 12. Qb3 Nc6 13. Rd1 Qb8 14. Bb2 Rd8 15.
Rxd8+ Qxd8 16. Rd1 Qf8 17. Nb5 Rd8 18. Ne5 Nxe5 19. Bxe5 Rxd1+ 20. Qxd1 a6 21.
Nd6 Nd7 22. Nxf7 Nxe5 23. Nxe5 a5 24. c5 Qb8 25. Qd4 Bf6 26. f4 g5 27. g3 gxf4
28. gxf4 axb4 29. axb4 Qa7 30. Bh5 Qa3 31. Qd2 Bh3 32. Nf3 Qa1+ 33. Kf2 Kg7 34.
Kg3 Bf5 35. Bg4 Be4 36. Qd7+ Kg6 37. Qxe6 Bxf3 38. Bxf3 Qg1+ 39. Bg2 h5 40.
Qe8+ Kh6 41. f5 h4+ 42. Kh3 Kg5 43. Qe4 Qd1 44. Qe3+ 1-0

[Event "HEM"]
[Site "?"]
[Date "1995.??.??"]
[Round "?.9"]
[White "Schulze, S."]
[Black "Hochgraefe, M."]
[Result "1/2-1/2"]
[WhiteElo "2165"]
[BlackElo "2290"]
[PlyCount "37"]
[EventDate "1995.??.??"]

1. c4 e6 2. Nf3 Nf6 3. b3 b6 4. Bb2 Bb7 5. e3 Be7 6. Be2 O-O 7. O-O d5 8. d3 c5
9. Nbd2 Nc6 10. a3 Qc7 11. Rc1 dxc4 12. Nxc4 Rac8 13. Rc2 Rfd8 14. Qa1 Qb8 15.
Rfc1 h6 16. h3 Qa8 17. Bf1 Qb8 18. Be2 Qa8 19. Bf1 1/2-1/2

[Event "HEM"]
[Site "?"]
[Date "1995.??.??"]
[Round "?.9"]
[White "Dankert, P."]
[Black "Zieher, H."]
[Result "1-0"]
[WhiteElo "2275"]
[BlackElo "2230"]
[PlyCount "72"]
[EventDate "1995.??.??"]

1. d4 d5 2. c4 dxc4 3. Nf3 Nf6 4. Nc3 a6 5. e4 b5 6. e5 Nd5 7. Be2 e6 8. O-O
Bb7 9. a4 Nd7 10. axb5 Nxc3 11. bxc3 axb5 12. Rb1 Ra5 13. Ng5 Be7 14. h4 Qa8
15. Bf3 Bxf3 16. Nxf3 O-O 17. Re1 c5 18. Bg5 Bxg5 19. Nxg5 h6 20. Ne4 cxd4 21.
Qxd4 Qc6 22. Re3 Nb6 23. Rg3 Nd5 24. Nf6+ Nxf6 25. exf6 g6 26. Qf4 Kh7 27. h5
g5 28. Qe5 Rc8 29. Rd1 Ra7 30. Rd6 Qc5 31. Qe4+ Kh8 32. Rd1 b4 33. cxb4 Qxb4
34. Qe3 Qa4 35. Rc1 Rd7 36. Rxg5 c3 1-0

[Event "HEM"]
[Site "?"]
[Date "1995.??.??"]
[Round "?.9"]
[White "Schulz, H.J."]
[Black "Rostalski, W."]
[Result "1-0"]
[WhiteElo "2245"]
[BlackElo "2275"]
[PlyCount "62"]
[EventDate "1995.??.??"]

1. e4 e5 2. d4 exd4 3. c3 dxc3 4. Bc4 Nf6 5. e5 d5 6. exf6 dxc4 7. Qxd8+ Kxd8
8. Bg5 g6 9. Nxc3 Be6 10. O-O-O+ Kc8 11. Nge2 c6 12. Ne4 Na6 13. a3 Nc5 14.
Nxc5 Bxc5 15. Nc3 b5 16. Ne4 Bf8 17. Bf4 Bd5 18. Nc3 Bxg2 19. Rhe1 Bc5 20. Re5
Bb6 21. Re7 Bf3 22. Rd2 g5 23. Bxg5 Bd8 24. Rxf7 h6 25. Bh4 Bh5 26. Rg7 Bc7 27.
Bg3 Ba5 28. Rdd7 Be8 29. Rb7 Bxc3 30. bxc3 Rf8 31. Rgc7+ Kd8 1-0

[Event "HEM"]
[Site "?"]
[Date "1995.??.??"]
[Round "?.9"]
[White "Menk, R."]
[Black "Wendt, J."]
[Result "0-1"]
[WhiteElo "2305"]
[BlackElo "2230"]
[PlyCount "72"]
[EventDate "1995.??.??"]

1. e4 c5 2. Nf3 Nc6 3. Bb5 Qc7 4. O-O e6 5. Re1 Nge7 6. c3 a6 7. Bxc6 dxc6 8.
d4 Ng6 9. Be3 cxd4 10. cxd4 Bd6 11. Nc3 O-O 12. Rc1 Bd7 13. e5 Be7 14. d5 Nxe5
15. Nxe5 Qxe5 16. Bc5 Qxe1+ 17. Qxe1 Bxc5 18. Ne4 Ba7 19. Qb4 cxd5 20. Nf6+
gxf6 21. Rc3 Rac8 22. Rg3+ Kh8 23. Qf4 Bd4 24. Rh3 Rg8 25. g3 Be5 26. Qb4 Rc1+
27. Kg2 Bb5 28. Rh5 Rc4 29. Qe7 Rc7 30. Qb4 Rd7 31. f4 Bd6 32. Qd4 Be7 33. g4
Rxg4+ 34. Kf3 Rg6 35. f5 e5 36. Qa7 Rg8 0-1

[Event "HEM"]
[Site "?"]
[Date "1995.??.??"]
[Round "?.9"]
[White "Beyer, H.J."]
[Black "Groeppel, P."]
[Result "1-0"]
[WhiteElo "2185"]
[BlackElo "2115"]
[PlyCount "95"]
[EventDate "1995.??.??"]

1. d4 c5 2. e3 Nf6 3. f4 g6 4. Nf3 Bg7 5. Bd3 d5 6. c3 O-O 7. O-O b6 8. Qe2 Bf5
9. Bxf5 gxf5 10. Bd2 Qc8 11. Na3 Nbd7 12. Be1 Ne4 13. Bh4 e6 14. Rad1 cxd4 15.
exd4 a6 16. Nb1 b5 17. Nbd2 Qc7 18. Ne5 f6 19. Nxd7 Qxd7 20. Qh5 Rac8 21. g4 b4
22. gxf5 bxc3 23. Nxe4 c2 24. Nc5 cxd1=Q 25. Qxd1 Rxc5 26. dxc5 exf5 27. Qd4
Qc6 28. b4 Re8 29. Rd1 Re4 30. Qxd5+ Qxd5 31. Rxd5 Rxb4 32. Rd8+ Kf7 33. Bf2
Bf8 34. Rd7+ Be7 35. Kg2 Rxf4 36. Bg3 Re4 37. c6 Ke6 38. Ra7 Re2+ 39. Kf3 Rxa2
40. c7 Rc2 41. Rxa6+ Kd7 42. Ra7 Rc3+ 43. Kg2 Rc2+ 44. Kh3 Kc8 45. Ra8+ Kd7 46.
Bf4 Rc3+ 47. Kh4 Rc4 48. Kh5 1-0